Physical science with environmental applications (Record no. 26683)
[ view plain ]
| 000 -LEADER | |
|---|---|
| fixed length control field | 00295nam a2200109Ia 4500 |
| 082 ## - DEWEY DECIMAL CLASSIFICATION NUMBER | |
| Classification number | 002.2458 |
| Item number | WIG |
| 100 ## - MAIN ENTRY--AUTHOR NAME | |
| Personal name | Arthur W |
| 245 #0 - TITLE STATEMENT | |
| Title | Physical science with environmental applications |
| 260 ## - PUBLICATION, DISTRIBUTION, ETC. (IMPRINT) | |
| Place of publication | Atlanta |
| Name of publisher | Houghton Mifflin6c1974 |
| 942 ## - ADDED ENTRY ELEMENTS (KOHA) | |
| Koha item type | Books |
| Withdrawn status | Lost status | Damaged status | Not for loan | Home library | Current library | Date acquired | Full call number | Accession Number | Koha item type |
|---|---|---|---|---|---|---|---|---|---|
| RRII Library | RRII Library | 16/12/2021 | 002.2458 WIG | 07315 | Books |